Datum a čas kvízu
34.5
Celkem bodů
Celkový počet nahraných bodů na tomto kvízu bez doplňovacích otázek.
6.
Pořadí na kvízu
Konečné umístění týmu na tomto kvízu.
Zaznamenané odpovědi
| # | Otázka | Odpověď | Body | Výsledky |
|---|---|---|---|---|
| 1. | Který hudebník narozený v roce... | Vladimír Mišík | 0 | |
| 2. | Jeden bývalý evropský premiér... | Boris Johnson | 1 | |
| 3. | Doplňte slovo do názvu časosbě... | Havel | 1 | |
| 4. | Kopřivnická Tatra představila... | vodík | 0 | |
| 5. | Který hokejista, bývalý reprez... | Tomáš Plekanec | 1 | |
| 6. | Naše téma nezačneme v kurníku,... | Fabergého vejce | 1 | |
| 7. | Barvíte velikonoční vajíčka? T... | 1B 2A 3D 4C | 1 | |
| 8. | Která z vajec na obrázku snesl... | B | 1 | |
| 9. | Ze kterého animovaného filmu z... | ze Slepičího úletu | 1 | |
| 10. | Vyberte nepravdivé tvrzení. | C | 1 |